Jupiler Pro League TOP 100 duurste uitgaande transfers ooit - Statistieken

Algemene statistieken
  • Deze quiz is 23 keer genomen
  • De gemiddelde score is 41 van 100
Antwoordstatistieken
Hint Hint Hint Antwoord % Correct
Club Brugge AC Milan 37,50 mln. € Charles De Ketelaere
87%
Club Brugge Brentford 33,00 mln. € Igor Thiago
80%
Club Brugge AC Milan 36,00 mln. € Ardon Jashari
73%
RSC Anderlecht Stade Rennes 26,00 mln. € Jérémy Doku
73%
RSC Anderlecht Monaco 25,00 mln. € Youri Tielemans
73%
KAA Gent LOSC Lille 27,00 mln. € Jonathan David
67%
Club Brugge PSV 12,50 mln. € Noa Lang
67%
Antwerp FC Atlético Madrid 20,00 mln. € Arthur Vermeeren
60%
KRC Genk Brighton 15,56 mln. € Leandro Trossard
60%
Club Brugge Brighton 20,00 mln. € Maxim De Cuyper
60%
RSC Anderlecht Chelsea 15,00 mln. € Romelu Lukaku
60%
Antwerp FC Manchester Utd. 21,00 mln. € Senne Lammens
60%
Club Brugge Leipzig 21,00 mln. € Antonio Nusa
53%
Standard Luik Benfica 9,00 mln. € Axel Witsel
53%
Union SG Al-Qadsiah 15,30 mln. € Cameron Puertas
53%
Club Brugge Sunderland 20,00 mln. € Chemsdine Talbi
53%
OH Leuven Leipzig 16,00 mln. € Ezechiel Banzuzi
53%
KAA Gent Chicago 11,00 mln. € Hugo Cuypers
53%
RSC Anderlecht Ajax 10,00 mln. € Kasper Dolberg
53%
Cercle Brugge Cincinnati 15,30 mln. € Kévin Denkey
53%
KRC Genk Chelsea 20,00 mln. € Mike Penders
53%
Union SG Wolfsburg 14,75 mln. € Mohamed Amoura
53%
KRC Genk Southampton 18,00 mln. € Paul Onuachu
53%
KRC Genk Sheffield Utd. 25,00 mln. € Sander Berge
53%
KRC Genk Chelsea 8,95 mln. € Thibaut Courtois
53%
KRC Genk Wolverhampton 26,00 mln. € Tolu Arokodare
53%
Sporting Charleroi LOSC Lille 22,40 mln. € Victor Osimhen
53%
Standard Luik Inter Milaan 16,20 mln. € Zinho Vanheusden
53%
RSC Anderlecht Arsenal 17,50 mln. € Albert Sambi Lokonga
47%
RSC Anderlecht Brighton 20,00 mln. € Bart Verbruggen
47%
KRC Genk Leicester City 22,50 mln. € Bilal El Khannouss
47%
Union SG Benfica 22,80 mln. € Franjo Ivanovic
47%
KRC Genk Besiktas 14,00 mln. € Hyeon-gyu Oh
47%
RSC Anderlecht Al-Ittihad 15,00 mln. € Jan-Carlo Simic
47%
KVC Westerlo Burnley 11,00 mln. € Lyle Foster
47%
Standard Luik Everton 21,76 mln. € Marouane Fellaini
47%
KRC Genk Burnley 18,00 mln. € Mike Tresor
47%
Standard Luik Southampton 15,70 mln. € Moussa Djenepo
47%
Union SG Sunderland 17,00 mln. € Noah Sadiki
47%
Club Brugge Bayer Leverkusen 23,00 mln. € Odilon Kossounou
47%
KAA Gent Benfica 17,00 mln. € Roman Yaremchuk
47%
Club Brugge Aston Villa 25,00 mln. € Wesley Moraes
47%
RSC Anderlecht Sporting CP 18,05 mln. € Zeno Debast
47%
Club Brugge Strasbourg 20,00 mln. € Abakar Sylla
40%
KRC Genk Toronto 8,80 mln. € Alejandro Pozuelo
40%
RSC Anderlecht Newcastle Utd. 18,50 mln. € Aleksandar Mitrovic
40%
Club Brugge Bournemouth 16,46 mln. € Arnaut Danjuma
40%
KRC Genk Al-Qadsiah 17,00 mln. € Christopher Bonsu Baah
40%
Antwerp FC Ajax 12,50 mln. € Gastón Ávila
40%
Antwerp FC Monaco 18,75 mln. € George Ilenikhena
40%
KRC Genk Sassuolo 10,15 mln. € Kristian Thorstvedt
40%
RSC Anderlecht Wolverhampton 13,80 mln. € Leander Dendoncker
40%
Club Brugge Lens 15,39 mln. € Loïs Openda
40%
KVC Westerlo Saint-Étienne 10,00 mln. € Lucas Stassin
40%
Antwerp FC Al-Ittihad 16,00 mln. € Mahamadou Doumbia
40%
RSC Anderlecht Sunderland 17,34 mln. € Nilson Angulo
40%
Standard Luik Ajax 12,50 mln. € Razvan Marin
40%
RSC Anderlecht Manchester City 15,00 mln. € Sergio Gómez
40%
Union SG Bayer Leverkusen 22,60 mln. € Victor Boniface
40%
KRC Genk Leicester City 17,60 mln. € Wilfred Ndidi
40%
Antwerp FC Frankfurt 13,65 mln. € Willian Pacho
40%
STVV Parma 8,20 mln. € Zion Suzuki
40%
KAA Gent Olympique Lyon 14,00 mln. € Gift Orban
33%
Club Brugge Brighton 18,00 mln. € José Izquierdo
33%
Club Brugge Brentford 10,00 mln. € Kaye Furo
33%
KV Oostende Wolfsburg 11,50 mln. € Landry Dimata
33%
KRC Genk Bayer Leverkusen 16,70 mln. € Leon Bailey
33%
KAA Gent Olympique Lyon 19,50 mln. € Malick Fofana
33%
Antwerp FC Parma 11,90 mln. € Mandela Keita
33%
Club Brugge Aston Villa 12,00 mln. € Marvelous Nakamba
33%
KRC Genk Sampdoria 9,25 mln. € Omar Colley
33%
KRC Genk Atalanta 13,60 mln. € Ruslan Malinovskyi
33%
RSC Anderlecht FC Köln 8,25 mln. € Sebastiaan Bornauw
33%
RSC Anderlecht Hamburg 10,50 mln. € Vincent Kompany
33%
Club Brugge Wolfsburg 14,00 mln. € Andreas Skov Olsen
27%
RSC Anderlecht Newcastle Utd. 12,00 mln. € Chancel Mbemba
27%
KRC Genk Aston Villa 8,80 mln. € Christian Benteke
27%
Standard Luik Marseille 11,50 mln. € Daniel Van Buyten
27%
RSC Anderlecht Dortmund 10,50 mln. € Jan Koller
27%
KRC Genk Atalanta 13,70 mln. € Joakim Maehle
27%
KAA Gent Stade Reims 10,00 mln. € Joseph Okumu
27%
KRC Genk Stade Reims 10,00 mln. € Junya Ito
27%
Club Brugge Monaco 16,70 mln. € Krépin Diatta
27%
KAA Gent LOSC Lille 11,50 mln. € Matías Fernández-Pardo
27%
KVC Westerlo Parma 9,00 mln. € Matija Frigan
27%
KRC Genk Aston Villa 10,50 mln. € Ally Samatta
20%
Club Brugge Sevilla 10,00 mln. € Carlos Bacca
20%
RSC Anderlecht Dynamo Kyiv 11,00 mln. € Dieumerci Mbokani
20%
RSC Anderlecht Inter Milaan 8,65 mln. € Enzo Scifo
20%
KRC Genk LA Galaxy 8,50 mln. € Joseph Paintsil
20%
RSC Anderlecht Dortmund 8,50 mln. € Julien Duranville
20%
KRC Genk Leipzig 10,00 mln. € Maarten Vandevoordt
20%
KAA Gent Bordeaux 8,50 mln. € Samuel Kalu
20%
Club Brugge Hoffenheim 12,00 mln. € Stanley Nsoki
20%
RSC Anderlecht Burnley 8,60 mln. € Steven Defour
20%
Standard Luik Schalke 04 8,50 mln. € Emile Mpenza
13%
RSC Anderlecht Lazio 8,40 mln. € Lucas Biglia
13%
KRC Genk Lazio 12,00 mln. € Sergej Milinkovic-Savic
13%
KAA Gent Watford 9,00 mln. € Sven Kums
13%
Club Brugge FC Nantes 8,25 mln. € Anthony Limbombe
0%
Geen overeenkomende quizzen gevonden
Scoreverdeling
Procent van Mensen met Elke Score
Percentiel versus Aantal Correcte Antwoorden
Uw Scoregeschiedenis
U heeft deze quiz nog niet genomen